England Footballers 100 or International Caps - Sudden Death - Statistics

General Stats
  • This quiz has been taken 302 times
  • The average score is 4 of 10
Answers on the Grid
Answers color-coded by a green-red scale on the quiz's grid according to % correct below.
Alan Shearer
Ashley Cole
Billy Wright
Bobby Charlton
Bobby Moore
Bryan Robson
David Beckham
David Seaman
Frank Lampard
Gareth Barry
Gareth Southgate
Gary Lineker
Gary Neville
Harry Kane
James Milner
Joe Hart
John Barnes
John Stones
John Terry
Jordan Henderson
Jordan Pickford
Kevin Keegan
Kyle Walker
Michael Owen
Paul Gascoigne
Paul Scholes
Peter Shilton
Raheem Sterling
Rio Ferdinand
Sol Campbell
Steven Gerrard
Wayne Rooney
 
Answer Stats
Answer % Correct
Ashley Cole
47%
David Beckham
47%
Wayne Rooney
47%
Bobby Charlton
44%
Steven Gerrard
42%
Harry Kane
41%
Frank Lampard
40%
Bobby Moore
35%
Peter Shilton
27%
Billy Wright
26%
No matching quizzes found
Score Distribution
Percent of People with Each Score
Percentile by Number Answered
Your Score History
You have not taken this quiz